[Event "Public tournament. Everyone can join"]
[Site "SchemingMind.com"]
[Date "2006.06.11"]
[Round "-"]
[White "welsh-rarebit"]
[Black "MatdeInverses"]
[Result "0-1"]
[WhiteCountry "WLS"]
[BlackCountry "USA"]
[WhiteElo "1374"]
[WhiteRD "70"]
[BlackElo "2016"]
[BlackRD "45"]
[GameID "54933"]

1. e4 c5 2. Bb5 a6 3. Bc4 e6 4. d4 cxd4 5. Qxd4 Nc6 6. Qd1 Nf6 7. Bg5 Qa5+ 8. c3 Qxg5 9. Qf3 Qc1+ 10. Qd1 Qxd1+
11. Kxd1 Nxe4 12. Ke1 Bc5 13. h4 d5 14. Be2 Nxf2 15. Rh2 Ne4 16. Nf3 Be3 17. g4 Bc1 18. Bd3 Bf4 19. Rg2 Nc5 20. Bc2 e5
21. Ng5 Bxg5 22. hxg5 Be6 23. Bf5 Bxf5 24. gxf5 O-O-O 25. f6 gxf6 26. gxf6 Rhg8 27. Rxg8 Rxg8 28. Na3 Rg1+ 29. Kd2 Rxa1 30. Nc2 Rxa2
31. Ne3 Ne4+ 32. Kd3 Nxf6 33. c4 e4+ 34. Kc3 d4+ 35. Kb3 dxe3 36. Kxa2 e2 37. b4 e1=Q 38. b5 axb5 39. cxb5 Nb4+ 40. Ka3 Qc3+
41. Ka4 Nfd5 42. b6 Nxb6+ 43. Ka5 Qc5#
0-1

[Event "Public tournament. Everyone can join"]
[Site "SchemingMind.com"]
[Date "2006.06.11"]
[Round "-"]
[White "welsh-rarebit"]
[Black "TrinketChain"]
[Result "1-0"]
[WhiteCountry "WLS"]
[BlackCountry "USA"]
[WhiteElo "1374"]
[WhiteRD "70"]
[BlackElo "998"]
[BlackRD "129"]
[GameID "54934"]

1. e4 e5 2. d4 Nc6 3. Nf3 d6 4. Bb5 Bg4 5. Bxc6+ bxc6 6. dxe5 Be7 7. h3 Be6 8. h4 Nh6 9. Nd4 Bg4 10. f3 Qd7
11. fxg4 Qxg4 12. exd6 Qxe4+ 13. Kf1
1-0

[Event "Public tournament. Everyone can join"]
[Site "SchemingMind.com"]
[Date "2006.06.11"]
[Round "-"]
[White "MatdeInverses"]
[Black "welsh-rarebit"]
[Result "1-0"]
[WhiteCountry "USA"]
[BlackCountry "WLS"]
[WhiteElo "2016"]
[WhiteRD "45"]
[BlackElo "1374"]
[BlackRD "70"]
[GameID "54935"]

1. e4 e5 2. f4 Nf6 3. Nc3 Nc6 4. Nf3 Nd4 5. fxe5 Nxf3+ 6. Qxf3 d6 7. exf6 Qxf6 8. Qxf6 gxf6 9. Nd5 Kd8 10. d4 c6
11. Nc3 f5 12. Bg5+ Be7 13. Bxe7+ Kxe7 14. O-O-O h5 15. Bd3 f4 16. Rhf1 Rg8 17. Rd2 a6 18. Rxf4 Rg4 19. Rxg4 Bxg4 20. Rf2 Be6
21. d5 Bd7 22. dxc6 Bxc6 23. Nd5+ Bxd5 24. exd5 Rc8 25. Rf5 h4 26. Rh5 Rc5 27. Be4 Rc4 28. Bf3 Ra4 29. a3 b5 30. h3 b4
31. Rxh4 a5 32. axb4 axb4 33. b3 Ra1+ 34. Kb2 Ra8 35. Rxb4 Rf8 36. Rb7+ Kf6 37. c4 Ke5 38. Kc3 f6 39. Re7+ Kf4 40. Re6 Kg3
41. Rxd6 f5 42. Re6 f4 43. d6 Kf2 44. c5 Rg8 45. c6 Rxg2 46. Bxg2 Kxg2 47. d7 f3 48. d8=Q f2 49. Qg5+ Kf1 50. Qf4 Kg2
51. Re2 Kxh3 52. Qxf2 Kg4 53. Re3 Kg5 54. Rg3+ Kh4 55. Qh2#
1-0

[Event "Public tournament. Everyone can join"]
[Site "SchemingMind.com"]
[Date "2006.06.12"]
[Round "-"]
[White "TrinketChain"]
[Black "welsh-rarebit"]
[Result "0-1"]
[WhiteCountry "USA"]
[BlackCountry "WLS"]
[WhiteElo "998"]
[WhiteRD "129"]
[BlackElo "1374"]
[BlackRD "70"]
[GameID "54936"]

1. e4 e5 2. d3 d5 3. Nc3 Bb4 4. a3 Bxc3+ 5. bxc3 d4 6. Nf3 Bg4 7. Be2 Bxf3 8. Bxf3 Nf6 9. O-O O-O 10. Rb1 b6
11. c4 Nfd7
0-1

[Event "Public tournament. Everyone can join"]
[Site "SchemingMind.com"]
[Date "2006.06.12"]
[Round "-"]
[White "iain"]
[Black "MatdeInverses"]
[Result "0-1"]
[WhiteCountry "USA"]
[BlackCountry "USA"]
[WhiteElo "1376"]
[WhiteRD "56"]
[BlackElo "2016"]
[BlackRD "45"]
[GameID "55049"]

1. e4 c5 2. Nf3 Nc6 3. d4 cxd4 4. Nxd4 Nf6 5. Nc3 d6 6. Be2 e5 7. Nxc6 bxc6 8. O-O Be7 9. b4 O-O 10. b5 Bb7
11. bxc6 Bxc6 12. f3 d5 13. exd5 Nxd5 14. Nxd5 Qxd5 15. Qxd5 Bxd5 16. c4 Be6 17. Bb2 f6 18. a4 Rfc8 19. Rfc1 Bc5+ 20. Kh1 Be3
21. Rc2 Bf5 22. Rc3 Bb6 23. a5 Bc5 24. g4 Be6 25. Bd3 Bd4 26. Rc2 Bxb2 27. Rxb2 Bxc4 28. Bxc4+ Rxc4 29. a6 Kf7 30. Rb7+ Kg6
31. h4 e4 32. h5+ Kh6 33. Kg2 exf3+ 34. Kxf3 Rc6 35. Ra5 g6 36. Rf7 Rb6 37. hxg6 hxg6 38. Rb7 Rd6 39. Kf4 Rd4+ 40. Kf3 Rd3+
41. Kf4 Re8 42. g5+ fxg5+ 43. Rxg5 Rd4+
0-1

[Event "Public tournament. Everyone can join"]
[Site "SchemingMind.com"]
[Date "2006.06.12"]
[Round "-"]
[White "iain"]
[Black "welsh-rarebit"]
[Result "1-0"]
[WhiteCountry "USA"]
[BlackCountry "WLS"]
[WhiteElo "1349"]
[WhiteRD "61"]
[BlackElo "1330"]
[BlackRD "71"]
[GameID "55050"]

1. e4 e5 2. Nf3 d5 3. d3 Bg4 4. Be2 Nf6 5. O-O dxe4 6. dxe4 Nxe4 7. Qxd8+ Kxd8 8. h3 Bxf3 9. Bxf3 Nxf2 10. Kxf2 c6
11. Nc3 Bc5+ 12. Be3 Bxe3+ 13. Kxe3 f6 14. Rad1+ Nd7 15. Na4 Kc8 16. Bg4 Rd8 17. Nc5 a5 18. Nxd7 Ra7 19. Nb6+ Kc7 20. Rxd8 Kxd8
21. Rd1+ Kc7 22. Nc8 Ra6 23. Ne7 g6 24. Rd7+ Kb6 25. Nc8+ Kb5 26. Be2+ Kb4 27. Rxb7+ Kc5 28. Bxa6 h5 29. Ne7 g5 30. Nf5 Kd5
31. c4+ Ke6 32. Ke4 c5 33. a3 g4 34. Re7#
1-0

[Event "Public tournament. Everyone can join"]
[Site "SchemingMind.com"]
[Date "2006.06.12"]
[Round "-"]
[White "iain"]
[Black "TrinketChain"]
[Result "1-0"]
[WhiteCountry "USA"]
[BlackCountry "USA"]
[WhiteElo "1376"]
[WhiteRD "56"]
[BlackElo "998"]
[BlackRD "129"]
[GameID "55051"]

1. e4 e5 2. Nf3 f6 3. d4 Nc6 4. d5 Nb4 5. Be2 Bc5 6. O-O d6 7. a3 Na6 8. b4 Bb6 9. b5 Nc5 10. a4 Nxe4
11. a5 Bc5 12. c4 Bg4 13. h3 Bh5 14. Bb2
1-0

[Event "Public tournament. Everyone can join"]
[Site "SchemingMind.com"]
[Date "2006.06.12"]
[Round "-"]
[White "MatdeInverses"]
[Black "iain"]
[Result "1-0"]
[WhiteCountry "USA"]
[BlackCountry "USA"]
[WhiteElo "1978"]
[WhiteRD "46"]
[BlackElo "1349"]
[BlackRD "61"]
[GameID "55052"]

1. e4 d6 2. d4 Nf6 3. Nc3 g6 4. Bg5 Nc6 5. d5 Ne5 6. f4 Neg4 7. h3 Nh6 8. e5 dxe5 9. fxe5 Nd7 10. Nf3 Bg7
11. Qd2 Nf5 12. e6 fxe6 13. dxe6 Nc5 14. Qxd8+ Kxd8 15. O-O-O+ Ke8 16. Nd5 Bxe6 17. Nxc7+ Kf7 18. Nxa8 Rxa8 19. Bd3 Ng3 20. Rhe1 Rd8
21. Bxg6+ hxg6 22. Rxd8 Nge4 23. b4 Nc3 24. bxc5 Nxa2+ 25. Kd1 Nc3+ 26. Kd2 Na2 27. Ne5+ Bxe5 28. Rxe5 Nb4 29. Rb8 Na6 30. Rxb7
1-0

[Event "Public tournament. Everyone can join"]
[Site "SchemingMind.com"]
[Date "2006.06.12"]
[Round "-"]
[White "welsh-rarebit"]
[Black "iain"]
[Result "0-1"]
[WhiteCountry "WLS"]
[BlackCountry "USA"]
[WhiteElo "1402"]
[WhiteRD "73"]
[BlackElo "1400"]
[BlackRD "54"]
[GameID "55053"]

1. e4 d6 2. d4 Nf6 3. e5 dxe5 4. dxe5 Ng4 5. Nf3 Nc6 6. Bb5 Qxd1+ 7. Kxd1 Nxf2+ 8. Ke2 Nxh1 9. Bxc6+ bxc6 10. Bf4 e6
11. Nc3 Bc5 12. Rxh1 Ba6+ 13. Ke1 O-O 14. Na4 Be7 15. Bg5 f6 16. exf6 Bxf6 17. Nc5 Bxg5 18. Nxg5 Bc4 19. b3 Bd5 20. Rg1 Rae8
21. Nd7 Rf5 22. h4 h6 23. Nh3 g5 24. hxg5 hxg5 25. g4 Rf3 26. Nxg5 Rf4 27. Rf1 Rxf1+ 28. Kxf1 Kg7 29. Ne5 Rf8+ 30. Ke1 Kf6
31. Nd7+ Kxg5 32. Nxf8 Kxg4 33. c4 Be4 34. Nxe6 Bb1 35. a4 Ba2 36. a5 Bxb3 37. Nxc7 Bxc4 38. Ne8 Kf4 39. Nd6 Bb5 40. Nc8 a6
41. Kd2 Ke5 42. Kc3 Kd5 43. Kb4 c5+ 44. Kc3 Ke6 45. Na7 Kd5 46. Kd2 Bf1 47. Nc8 Kd4 48. Ne7 c4 49. Nc6+ Kc5 50. Na7 Kb4
51. Nc6+ Kb5 52. Ne5 Kxa5 53. Kc3 Kb5 54. Nf3 a5 55. Nd2 Bd3 56. Nf3 a4 57. Ne1 a3 58. Nc2 Bxc2 59. Kxc2 Kb4 60. Kb1 Kb3
61. Ka1 c3 62. Kb1 a2+ 63. Ka1 Kc2 64. Kxa2 Kd2 65. Kb1 c2+ 66. Ka2 c1=R 67. Ka3 Rc8 68. Kb4 Kc2 69. Kb5 Kb3 70. Kb6 Kb4
71. Kb7 Rc4 72. Kb8 Kb5 73. Kb7 Rc6 74. Kb8 Kb6 75. Ka8 Rc8#
0-1

[Event "Public tournament. Everyone can join"]
[Site "SchemingMind.com"]
[Date "2006.06.12"]
[Round "-"]
[White "TrinketChain"]
[Black "iain"]
[Result "0-1"]
[WhiteCountry "USA"]
[BlackCountry "USA"]
[WhiteElo "998"]
[WhiteRD "129"]
[BlackElo "1376"]
[BlackRD "56"]
[GameID "55054"]

1. e4 d6 2. d3 Nc6 3. Nc3 Nf6 4. f3 g6 5. Bg5 Bg7 6. Nh3 O-O 7. Qd2 a6 8. O-O-O b5 9. d4 b4 10. d5 bxc3
11. Qxc3 Na7 12. Nf4 Bb7
0-1

[Event "Public tournament. Everyone can join"]
[Site "SchemingMind.com"]
[Date "2006.06.12"]
[Round "-"]
[White "Passed pawn"]
[Black "iain"]
[Result "0-1"]
[WhiteCountry "NED"]
[BlackCountry "USA"]
[WhiteElo "1017"]
[WhiteRD "145"]
[BlackElo "1376"]
[BlackRD "56"]
[GameID "55064"]

1. e4 d6 2. d4 Nf6 3. Nc3 g6 4. f4 Bg7 5. Nf3 O-O 6. Bd3 c5 7. dxc5 dxc5 8. e5 Nd5 9. Nxd5 Qxd5 10. c4 Qd7
11. Be3 b6
0-1

[Event "Public tournament. Everyone can join"]
[Site "SchemingMind.com"]
[Date "2006.06.12"]
[Round "-"]
[White "iain"]
[Black "Passed pawn"]
[Result "1-0"]
[WhiteCountry "USA"]
[BlackCountry "NED"]
[WhiteElo "1376"]
[WhiteRD "56"]
[BlackElo "1017"]
[BlackRD "145"]
[GameID "55068"]

1. e4 e5 2. Nf3 Nc6 3. Nc3 Nf6 4. Be2 Bb4 5. O-O d5 6. exd5 Nxd5 7. a3 Bxc3 8. dxc3 e4 9. Nd4 O-O 10. c4 Nxd4
11. Qxd4
1-0

[Event "Public tournament. Everyone can join"]
[Site "SchemingMind.com"]
[Date "2006.06.12"]
[Round "-"]
[White "mart_r3000"]
[Black "iain"]
[Result "0-1"]
[WhiteCountry "ENG"]
[BlackCountry "USA"]
[WhiteElo "1311"]
[WhiteRD "55"]
[BlackElo "1349"]
[BlackRD "61"]
[GameID "55089"]

1. e4 d6 2. h3 Nf6 3. Nc3 g6 4. d4 Bg7 5. Nf3 O-O 6. Ng5 e5 7. d5 c6 8. dxc6 bxc6 9. Bd3 Bb7 10. O-O d5
11. f3 d4 12. Na4 Na6 13. f4 exf4 14. Bxf4 c5 15. e5 Nd5 16. Bg3 Ndb4 17. c3 dxc3 18. Bc4 Qxg5 19. Qd7 Qe3+ 20. Rf2 Bc6
21. Qd6 Rad8 22. Bxf7+ Kh8 23. Qe6 Bd5 24. Qg4 Rxf7 25. Rd1 c2 26. Nc3 Bxe5 27. Kh2 Qxf2 28. Bxe5+ Kg8 29. Ne4 Qf5 30. Qe2 Qxe5+
31. g3 cxd1=Q 32. Qxd1 Qxe4
0-1

[Event "Public tournament. Everyone can join"]
[Site "SchemingMind.com"]
[Date "2006.06.12"]
[Round "-"]
[White "mart_r3000"]
[Black "MatdeInverses"]
[Result "0-1"]
[WhiteCountry "ENG"]
[BlackCountry "USA"]
[WhiteElo "1311"]
[WhiteRD "55"]
[BlackElo "1978"]
[BlackRD "46"]
[GameID "55090"]

1. e4 c5 2. Nf3 Nc6 3. d4 cxd4 4. Nxd4 Nf6 5. Nc3 d6 6. f3 Bd7 7. Bd2 Nxd4 8. a3 e5 9. Bg5 Be7 10. f4 Rc8
11. Nd5 Nxc2+ 12. Kf2 Nxd5 13. Rc1 Qb6+ 14. Kf3 Qe3#
0-1

[Event "Public tournament. Everyone can join"]
[Site "SchemingMind.com"]
[Date "2006.06.12"]
[Round "-"]
[White "mart_r3000"]
[Black "welsh-rarebit"]
[Result "0-1"]
[WhiteCountry "ENG"]
[BlackCountry "WLS"]
[WhiteElo "1246"]
[WhiteRD "56"]
[BlackElo "1374"]
[BlackRD "70"]
[GameID "55091"]

1. e4 e5 2. Nf3 d5 3. Nc3 Nf6 4. Nxe5 d4 5. Ne2 Nxe4 6. Nxd4 Qxd4 7. Ng4 Bxg4 8. Bb5+ Bd7 9. O-O Bxb5 10. d3 Nf6
11. c3 Qxd3 12. Re1+ Be7 13. Bf4 c6 14. Qb3 b6 15. Rad1 Qc4 16. Qxc4 Bxc4 17. Bd6 Nd5 18. Rd4 Bxa2 19. c4 Bxc4 20. Rxc4 a5
21. Rce4 Ra7 22. Bxb8 Rd7 23. Rc4 O-O 24. Rxc6 Rxb8 25. Rec1 h6 26. g3 Bg5 27. Rf1 Rc7 28. Rd6 Nb4 29. Rfd1 Na2 30. h4 Be7
31. R6d4 Rc1 32. Rxc1 Nxc1 33. Re4 Bc5 34. Kg2 Nd3 35. f4 Nxb2 36. g4 a4 37. g5 hxg5 38. fxg5 Nd1 39. h5 Ne3+ 40. Kf3 Rd8
41. Rxa4 Rd3 42. Ke4 Rb3 43. Ke5 Ng4+ 44. Kd5 Ne3+ 45. Kc6 Nf5 46. Rf4 Ne7+ 47. Kd7 Rd3+ 48. Ke8 Re3 49. Kd7 Nd5 50. Rf5 Rd3
51. Ke8 g6 52. hxg6 fxg6 53. Re5 Re3
0-1

[Event "Public tournament. Everyone can join"]
[Site "SchemingMind.com"]
[Date "2006.06.12"]
[Round "-"]
[White "iain"]
[Black "mart_r3000"]
[Result "1-0"]
[WhiteCountry "USA"]
[BlackCountry "ENG"]
[WhiteElo "1349"]
[WhiteRD "61"]
[BlackElo "1311"]
[BlackRD "55"]
[GameID "55094"]

1. e4 c5 2. Nf3 Nc6 3. Nc3 e5 4. Bc4 Nd4 5. O-O d6 6. Nd5 Be6 7. c3 Nxf3+ 8. Qxf3 Qg5 9. d3 Qd8 10. Bb5+ Bd7
11. Bxd7+ Qxd7 12. b4 f6 13. bxc5 dxc5 14. c4 O-O-O 15. a4 Nh6 16. h3 g5 17. Nxf6 Qd4 18. Ba3 Qc3 19. Nd5 Qa5 20. Qf6 Nf7
21. Qe6+ Kb8 22. Qxf7 Rc8 23. Qf6 Qd2 24. Rad1 Qa2 25. Qxe5+ Ka8 26. Nc7+ Kb8 27. Na6+ Ka8 28. Bxc5 Bxc5 29. Nxc5 b6 30. Qd5+
1-0

[Event "Public tournament. Everyone can join"]
[Site "SchemingMind.com"]
[Date "2006.06.13"]
[Round "-"]
[White "MatdeInverses"]
[Black "mart_r3000"]
[Result "1-0"]
[WhiteCountry "USA"]
[BlackCountry "ENG"]
[WhiteElo "1978"]
[WhiteRD "46"]
[BlackElo "1311"]
[BlackRD "55"]
[GameID "55095"]

1. e4 e5 2. f4 exf4 3. Bc4 Qh4+ 4. Kf1 Bc5 5. d4 Bb6 6. Nf3 Qf6 7. Nc3 c6 8. e5 Qg6 9. Bxf4 Qg4 10. Ne2 Nh6
11. h3 Qh5 12. Ng3 Qg6 13. Nh4 Qe6 14. Bxe6 fxe6 15. Bxh6 O-O+ 16. Ngf5 gxh6 17. Qg4+ Kf7 18. Qg7+ Ke8 19. Qe7#
1-0

[Event "Public tournament. Everyone can join"]
[Site "SchemingMind.com"]
[Date "2006.06.12"]
[Round "-"]
[White "welsh-rarebit"]
[Black "mart_r3000"]
[Result "1-0"]
[WhiteCountry "WLS"]
[BlackCountry "ENG"]
[WhiteElo "1374"]
[WhiteRD "70"]
[BlackElo "1246"]
[BlackRD "56"]
[GameID "55096"]

1. e4 e5 2. d4 Nc6 3. Nf3 Bb4+ 4. c3 Bd6 5. Bc4 Nf6 6. dxe5 Nxe5 7. Nxe5 Bxe5 8. Bd5 O-O 9. Na3 c6 10. Bc4 Nxe4
11. O-O Qh4 12. h3 d5 13. Bd3 Bxh3 14. Bxe4 Qxe4 15. gxh3 Qg6+ 16. Qg4 Qxg4+ 17. hxg4 Rae8 18. c4 d4 19. f4 Bf6 20. g5 Bd8
21. Nc2 Re4 22. Rd1 Bb6 23. Kf1 d3 24. Rxd3 Rfe8 25. Rd1 Bc7 26. Re1 Kf8 27. Be3 Rxc4 28. Rac1 Rce4 29. Bxa7 Rxf4+ 30. Kg2 g6
31. Rxe8+ Kxe8 32. Be3 Rg4+ 33. Kf3 h5 34. Re1 Kf8 35. Rg1 Rh4 36. Rd1 Rh3+ 37. Ke4 Rh4+ 38. Kd3 Rh3 39. Kc4 b5+ 40. Kd3 h4
41. Ke2 Rg3 42. Rd7 Be5 43. Rd8+ Kg7 44. Bd4 f6 45. gxf6+ Kxf6 46. Rf8+ Kg5 47. Bxe5 Rg2+ 48. Rf2 h3 49. Ne1 Rg4 50. Rh2 Re4+
51. Kd1 Rxe5 52. Nf3+ Kf4 53. Nxe5 Kxe5 54. Rxh3 Kf4 55. Rd3 g5 56. Rd6 c5 57. Rd5 g4 58. Rxc5 g3 59. Ke1 Kf3 60. Kf1 g2+
61. Kg1 b4 62. Rg5
1-0

[Event "Public tournament. Everyone can join"]
[Site "SchemingMind.com"]
[Date "2006.06.15"]
[Round "-"]
[White "TrinketChain"]
[Black "mart_r3000"]
[Result "0-1"]
[WhiteCountry "USA"]
[BlackCountry "ENG"]
[WhiteElo "947"]
[WhiteRD "121"]
[BlackElo "1319"]
[BlackRD "55"]
[GameID "55097"]

1. e4 e5 2. Nc3 Nf6 3. Bc4 Nc6 4. Nf3 Bd6 5. O-O Nd4 6. Nd5 Nxe4 7. d3 Nxf3+ 8. Qxf3 O-O 9. dxe4 c6 10. Nb4 Bxb4
0-1

[Event "Public tournament. Everyone can join"]
[Site "SchemingMind.com"]
[Date "2006.06.13"]
[Round "-"]
[White "Gary"]
[Black "iain"]
[Result "1-0"]
[WhiteCountry "ENG"]
[BlackCountry "USA"]
[WhiteElo "1500"]
[WhiteRD "68"]
[BlackElo "1376"]
[BlackRD "56"]
[GameID "55206"]

1. e4 d6 2. d4 Nf6 3. Nc3 g6 4. Bc4 Bg7 5. Nf3 O-O 6. O-O Nxe4 7. Nxe4 d5 8. Bd3 dxe4 9. Bxe4 c6 10. c3 Nd7
11. Bf4 Re8 12. Re1 Qa5 13. Qb3 Nf6 14. Bd3 Nd7 15. Bc4 Kh8 16. Bxf7 Rf8 17. Ne5 Nxe5 18. Bxe5 c5 19. Bxg7+ Kxg7 20. Rxe7 Kh6
21. Rae1 cxd4 22. Bg8 dxc3 23. Rxh7+ Kg5 24. h4+ Kf5 25. Be6+ Bxe6 26. Qxe6+ Kf4 27. Qe4#
1-0

[Event "Public tournament. Everyone can join"]
[Site "SchemingMind.com"]
[Date "2006.06.13"]
[Round "-"]
[White "Gary"]
[Black "MatdeInverses"]
[Result "1-0"]
[WhiteCountry "ENG"]
[BlackCountry "USA"]
[WhiteElo "1477"]
[WhiteRD "63"]
[BlackElo "1714"]
[BlackRD "56"]
[GameID "55207"]

1. e4 c5 2. Nf3 Nc6 3. d4 cxd4 4. Nxd4 Nf6 5. Nc3 d6 6. f3 Bd7 7. Be3 Rc8 8. Be2 g6 9. O-O Bg7 10. Qd2 Nxd4
11. Bxd4 Qa5 12. Qe3 b5 13. Bxa7 b4 14. Nd1 Rxc2 15. Bb6 Qa8 16. Bd3 Rc6 17. Qf2 Qb7 18. Be3 O-O 19. Qd2
1-0

[Event "Public tournament. Everyone can join"]
[Site "SchemingMind.com"]
[Date "2006.06.13"]
[Round "-"]
[White "Gary"]
[Black "mart_r3000"]
[Result "1-0"]
[WhiteCountry "ENG"]
[BlackCountry "ENG"]
[WhiteElo "1371"]
[WhiteRD "60"]
[BlackElo "1319"]
[BlackRD "55"]
[GameID "55208"]

1. e4 e5 2. Nf3 Nc6 3. Bb5 a6 4. Ba4 b5 5. Bb3 Nf6 6. O-O Nxe4 7. d4 f6 8. Re1 d5 9. dxe5 Ne7 10. exf6 gxf6
11. Bxd5 Nd6 12. Bxa8 Bf5 13. Bd5 Kd7 14. Nc3 c6 15. Be4 Bg4 16. Bf4 Ng6 17. Bg3 f5 18. Bd3 b4 19. Na4 Kc8 20. Bxa6+ Kb8
21. Qd4 Be7 22. Rad1 Re8 23. Rxe7 Rxe7 24. Bxd6+ Ka8 25. Nb6+ Ka7 26. Nc8+ Kxa6 27. Nxe7 Nxe7 28. Qc4+ Ka5 29. Bxb4+ Kb6 30. Rxd8
1-0

[Event "Public tournament. Everyone can join"]
[Site "SchemingMind.com"]
[Date "2006.06.13"]
[Round "-"]
[White "Gary"]
[Black "welsh-rarebit"]
[Result "1-0"]
[WhiteCountry "ENG"]
[BlackCountry "WLS"]
[WhiteElo "1500"]
[WhiteRD "68"]
[BlackElo "1374"]
[BlackRD "70"]
[GameID "55209"]

1. e4 e5 2. Nf3 d5 3. Nxe5 Qe7 4. d4 dxe4 5. Bc4 Be6 6. Nc3 Nc6 7. Nxc6 Qh4 8. Bxe6 fxe6 9. Ne5 Bd6 10. Qg4 Qxg4
11. Nxg4 Rd8 12. Nxe4 Bf8 13. c3 h5 14. Ne5 Nf6 15. Nxf6+ Ke7 16. h4 Kd6 17. Ne4+ Kd5 18. f3 Rh7 19. Be3 Be7 20. c4#
1-0

[Event "Public tournament. Everyone can join"]
[Site "SchemingMind.com"]
[Date "2006.06.13"]
[Round "-"]
[White "iain"]
[Black "Gary"]
[Result "1-0"]
[WhiteCountry "USA"]
[BlackCountry "ENG"]
[WhiteElo "1400"]
[WhiteRD "54"]
[BlackElo "1371"]
[BlackRD "60"]
[GameID "55212"]

1. d4 f5 2. c4 Nf6 3. Nc3 g6 4. Nf3 Bg7 5. e3 O-O 6. Bd3 e6 7. O-O b6 8. d5 Bb7 9. e4 fxe4 10. Nxe4 exd5
11. cxd5 Nxd5 12. Rb1 Nf6 13. b3 Re8 14. Bb2 Nxe4 15. Bxg7 Kxg7 16. Qc2 d5 17. Bxe4 Rxe4 18. Rbe1 Rxe1 19. Rxe1 c5 20. Ng5 Bc8
21. Qc3+ d4 22. Qf3 Qc7 23. Ne6+ Bxe6 24. Qxa8 Bf5 25. Qf3 Nc6 26. g4 Ne5 27. Qg3
1-0

[Event "Public tournament. Everyone can join"]
[Site "SchemingMind.com"]
[Date "2006.06.13"]
[Round "-"]
[White "MatdeInverses"]
[Black "Gary"]
[Result "1-0"]
[WhiteCountry "USA"]
[BlackCountry "ENG"]
[WhiteElo "2054"]
[WhiteRD "51"]
[BlackElo "1371"]
[BlackRD "60"]
[GameID "55213"]

1. e4 c5 2. Nc3 g6 3. f4 d6 4. d4 Bg7 5. dxc5 Qa5 6. cxd6 Bxc3+ 7. bxc3 Qxc3+ 8. Bd2 Qd4 9. Bd3 Qxd6 10. Bc3 f6
11. Nf3 Nc6 12. Rb1 Rb8 13. e5
1-0

[Event "Public tournament. Everyone can join"]
[Site "SchemingMind.com"]
[Date "2006.06.13"]
[Round "-"]
[White "mart_r3000"]
[Black "Gary"]
[Result "0-1"]
[WhiteCountry "ENG"]
[BlackCountry "ENG"]
[WhiteElo "1284"]
[WhiteRD "54"]
[BlackElo "1425"]
[BlackRD "59"]
[GameID "55214"]

1. e4 c6 2. d4 d5 3. e5 Bf5 4. g4 Bg6 5. c4 e6 6. g5 Be7 7. Nf3 Be4 8. Be2 Bxf3 9. Bxf3 Bxg5 10. h4 Bxh4
11. c5 Bg5 12. O-O Nh6 13. Bh5 Nf5 14. Qg4 Bxc1 15. Rxc1 g6 16. Nd2 gxh5 17. Qxh5 Rg8+ 18. Kh2 Qh4+ 19. Qxh4 Nxh4 20. Kh3 Nf3
21. Nxf3 Rg6 22. Kh4 Nd7 23. Kh3 O-O-O 24. b4 Rdg8 25. Rg1 f6 26. Nh4 Rxg1 27. Rxg1 Rxg1 28. Kh2 Ra1 29. f4 Rxa2+ 30. Kg3 Rb2
31. Kg4 Rxb4 32. Nf3 a5 33. f5 exf5+ 34. Kxf5 fxe5 35. dxe5 Nxc5 36. Ng5 a4 37. Ne6 Nxe6 38. Kxe6 a3 39. Kd6 a2 40. e6 a1=Q
41. e7 Qf6+
0-1

[Event "Public tournament. Everyone can join"]
[Site "SchemingMind.com"]
[Date "2006.06.13"]
[Round "-"]
[White "welsh-rarebit"]
[Black "Gary"]
[Result "1-0"]
[WhiteCountry "WLS"]
[BlackCountry "ENG"]
[WhiteElo "1421"]
[WhiteRD "76"]
[BlackElo "1425"]
[BlackRD "59"]
[GameID "55215"]

1. e4 c6 2. d4 d5 3. Nd2 dxe4 4. Nxe4 Bf5 5. Nc5 Qc7 6. c3 Nf6 7. Nf3 e6 8. Nh4 Bg6 9. Nxg6 hxg6 10. g3 b6
11. Nd3 Nbd7 12. Qf3 Bd6 13. Nb4 Rc8 14. Ba6 Ra8 15. Nxc6 Nd5 16. Nb4 Bxb4 17. cxb4 O-O 18. Bd2 Qd6 19. a3 Rab8 20. Bc4 b5
21. Bxd5 exd5 22. Bf4 Qe6+ 23. Kd2 Rbc8 24. Rae1 Qf5 25. Qd3 Qxd3+ 26. Kxd3 Rfe8 27. Rxe8+ Rxe8 28. f3 f6 29. h4 Nf8 30. g4 Ne6
31. Bd6 a6 32. f4 Kf7 33. f5 gxf5 34. gxf5 Nd8 35. Rg1 Nb7 36. Bf4 Re4 37. Rg4 Nd6 38. Kc3
1-0

[Event "Public tournament. Everyone can join"]
[Site "SchemingMind.com"]
[Date "2006.06.14"]
[Round "-"]
[White "Gilligan"]
[Black "Gary"]
[Result "1-0"]
[WhiteCountry "USA"]
[BlackCountry "ENG"]
[WhiteElo "1627"]
[WhiteRD "72"]
[BlackElo "1371"]
[BlackRD "60"]
[GameID "55294"]

1. e4 c5 2. Nf3 e6 3. Nc3 Nc6 4. d4 cxd4 5. Nxd4 d6 6. Bb5 Bd7 7. O-O Nf6 8. Be3 Be7 9. Bxc6 Bxc6 10. f3 O-O
11. Nce2 Qc7 12. b3 Rac8 13. c4 a6 14. Rc1 Rfd8 15. Bf2 Nd7 16. Nc3 Nb6 17. f4 d5 18. cxd5 exd5 19. e5 Ba3 20. Rc2 Bb4
21. Bh4 Re8 22. a4 Nd7 23. Nxd5 Qa5 24. Nxb4 Qxb4 25. Nxc6
1-0

[Event "Public tournament. Everyone can join"]
[Site "SchemingMind.com"]
[Date "2006.06.14"]
[Round "-"]
[White "Gilligan"]
[Black "iain"]
[Result "1-0"]
[WhiteCountry "USA"]
[BlackCountry "USA"]
[WhiteElo "1665"]
[WhiteRD "130"]
[BlackElo "1349"]
[BlackRD "61"]
[GameID "55295"]

1. e4 d6 2. Nf3 Nf6 3. Nc3 g6 4. d4 Bg7 5. Bd3 O-O 6. O-O Nc6 7. Bd2 e5 8. d5 Ne7 9. Ne1 c6 10. Bg5 cxd5
11. Bxf6 Bxf6 12. exd5 b6 13. Ne4 Nxd5 14. Bc4 Bb7 15. Bxd5 Bxd5 16. Qxd5 Be7 17. Rd1 Kg7 18. Rd3 f5 19. Nc3 e4 20. Rd2 Qc7
21. Nb5 Qb8 22. c3 Bg5 23. Re2 Rd8 24. Nc2 a6 25. Nbd4 Qc8 26. Ne6+ Kf6 27. Nxd8 Qxd8 28. f4 Bh6 29. Re3 Rc8 30. Rh3 Rc5
31. Qd4+
1-0

[Event "Public tournament. Everyone can join"]
[Site "SchemingMind.com"]
[Date "2006.06.14"]
[Round "-"]
[White "Gilligan"]
[Black "MatdeInverses"]
[Result "0-1"]
[WhiteCountry "USA"]
[BlackCountry "USA"]
[WhiteElo "1649"]
[WhiteRD "100"]
[BlackElo "2016"]
[BlackRD "45"]
[GameID "55296"]

1. e4 c5 2. Nf3 Nc6 3. d4 cxd4 4. Nxd4 Nf6 5. Nc3 d6 6. Be2 e5 7. Nxc6 bxc6 8. O-O Be7 9. f4 exf4 10. Bxf4 O-O
11. e5 dxe5 12. Bxe5 Nd5 13. Nxd5 cxd5 14. a3 Be6 15. b4 Qc8 16. Rc1 a5 17. c3 axb4 18. cxb4 Qd8 19. Qd3 Bg5 20. Bf4 Bxf4=
21. Rxf4 Qg5 22. Rff1 g6 23. Ra1 Qe5 24. Bf3 Rfc8 25. Rfe1 Qf6 26. Rf1 Rc3 27. Be2 Rxd3 28. Rxf6 Rdxa3 29. Raf1 Rb3 30. b5 Ra2
31. R6f2 d4 32. h3 d3 33. Bg4 Rxf2 34. Rxf2 Bxg4 35. hxg4 Rxb5 36. Rd2 Rd5 37. Kf2 Kg7 38. Ke3 Kh6 39. Rxd3 Rxd3+ 40. Kxd3 Kg5
41. Ke3 Kxg4 42. Kf2 h5 43. g3 g5 44. Kg2 f5 45. Kf2 f4 46. Kg2 fxg3 47. Kg1 Kf3 48. Kf1 h4 49. Kg1 h3 50. Kh1 g2+
51. Kg1 Ke2 52. Kh2 Kf2 53. Kxh3 g1=R 54. Kh2 Rg3 55. Kh1 Rh3#
0-1